El Santos : El Kamasutra /

保存先:
書誌詳細
第一著者: Jis (autor)
その他の著者: Trino (autor) (autor), Villarreal, Rogelio (prólogo) (prólogo)
フォーマット: 図書
言語:スペイン語
出版事項: México : Ediciones B, 2007, c2007
シリーズ:(El Santos) [s.n.]
主題:
タグ: タグ追加
タグなし, このレコードへの初めてのタグを付けませんか!

MARC

LEADER 00000nam^a2200000^a^4500
001 000620858
005 20250909000000.0
009 20260310133848.084
020 |a 978-970-710-312-2 
037 |a Acervo ITESO - Biblioteca 
041 |a ESP 
082 |a 741. 57  |b JIS 
100 |a Jis  |e (autor) 
240 1 1 |a [El Santos] 
240 1 1 |a [Kama-sutra] 
245 1 3 |a El Santos :  |b El Kamasutra /  |c Jis, Trino ; pról. de R. Villarreal. 
264 4 |a México :  |b Ediciones B,  |c 2007, c2007 
300 |a 62 p. 
336 |a texto  |b txt  |2 rdacontenido 
337 |a sin mediación  |b n  |2 rdamedio 
338 |a volumen  |b nc  |2 rdasoporte 
440 4 |a (El Santos) [s.n.] 
545 0 |a Jis (Guadalajara, 1963), historietista jalisciense. Creador de la revista Galimatías (1983) junto con Trino y Falcón; ha participado en las secciones Monobloc: todos venimos del mono (El Occidental), Gárgaras: humor flemático y La croqueta: humor perro (La Jornada), así como en los suplementos humorísticos La mamá del abulón y Tu hermana la gordota. Entre los libros que ha publicado se cuentan: La croqueta: humor perro (1987), No sé qué pasa, Otro día (2002) y varios volúmenes de El Santos. Junto con Trino, creó los personajes, de El Santos y la Tetona Mendoza, con los que llevan a sus límites el humor y la crítica de lo ordinario y extraordinario de la vida popular urbana. En el trabajo de Jis destacan los temas relacionados con la vida cotidiana, por lo que es recurrente encontrar en sus historietas cuestionamientos existenciales, así como reflexiones sobre la vida (las relaciones humanas, de pareja y familiares, por ejemplo) y los traumas psicológicos (con frecuencia, desde una perspectiva alucinógena o psicodélica). 
545 0 |a Trino (Guadalajara, 1961), historietista jalisciense. Realizó estudios de ciencias de la comunicación en el ITESO. Creador de la revista Galimatías (1983) junto con Jis y Falcón; ha participado en las secciones Monobloc: todos venimos del mono (El Occidental), Gárgaras: humor flemático, La croqueta: humor perro, La chora interminable (La Jornada), en el suplemento humorístico La mamá del abulón, así como con colaboraciones en los diarios Unomásuno, El Financiero. Es cofundador de El Chamuco. Autor, entre otras tiras cómicas, de Historias del Rey Chiquito; Historias paralelas; Fábulas de policías y ladrones y Crónicas marcianas, muchas de ellas recopiladas en libros. Ha realizado caricatura, animación y video para cine y televisión. Junto con Jis, creó los personajes, de El Santos y la Tetona Mendoza, con los que llevan a sus límites el humor y la crítica de lo ordinario y extraordinario de la vida popular urbana. 
649 |a XX 
650 |a Coito 
650 |a Placer Sexual 
650 |a Prácticas Sexuales 
650 |a Erotismo 
650 |a Sexualidad 
650 |a Historietas y Caricaturas de Temas Sexuales 
650 |a Historietas y Caricaturas de Humor -  |x Tema Principal 
650 |a Historietas y Caricaturas Jaliscienses 
650 |a Historietas y Caricaturas Mexicanas 
650 |a Medios Impresos 
650 |a Medios de Comunicación 
650 |a Comunicación Masiva 
650 |a Comunicación Visual 
700 |a Trino  |e (autor) 
700 |a Villarreal, Rogelio  |e (prólogo) 
910 |a Fondo Castillo-Martínez 
920 |a Impresos - Libros 
930 |a Fondos Especiales 
905 |a 127 
901 |a 620858-10  |b IT2  |c ESL  |i D126579  |u 20250909 
902 |a https://opac.biblio.iteso.mx/vufind/Record/000620858